Normal view
MARC view
- Multivariate analysis
Entry Topical Term
001 - CONTROL NUMBER
- control field: 38430
003 - CONTROL NUMBER IDENTIFIER
- control field: KE-NaSUL
005 - DATE AND TIME OF LATEST TRANSACTION
- control field: 20250825150657.0
008 - FIXED-LENGTH DATA ELEMENTS
- fixed length control field: 250825|| aca||aabn | a|a d
040 ## - CATALOGING SOURCE
- Original cataloging agency: KE-NaSUL
- Transcribing agency: KE-NaSUL
150 ## - HEADING--TOPICAL TERM
- Topical term or geographic name as entry element: Multivariate analysis
670 ## - SOURCE DATA FOUND
- Source citation: Work cat.: (KE-NaSUL)21758: Johnson, Dallas E., 1938- 38429, Applied multivariate methods for data analysts /, c1998.